000 00780nam a2200217Ia 4500
003 GCL
008 140319s9999 xx 000 0 ara d
040 _aGCL /
_cGCL
082 0 4 _aق
_b962
_bس د
100 1 _aسامى ابوالنور
245 1 0 _aدور العصر فى الحياة السياسية فى مصر 1922 - 1936 /
_cسامى ابوالنور
300 _a287 ص
490 _aصفحات من تاريخ مصر
_v0
650 0 4 _aالاحزاب السياسية
650 0 4 _aالاستقلال والحكم الملكى (1923)
650 0 4 _aالملك احمد فؤاد (1923 - 1936)
650 0 4 _aتصريح 28 فبراير 1922
650 0 4 _aدستور 1923
650 0 4 _aمصر - تاريخ - العصر الحديث (1805 - 1956 )
942 _2ddc
_cBK
999 _c40728
_d40728